| 000 | 00679nam a2200253Ia 4500 | ||
|---|---|---|---|
| 001 | 3046 | ||
| 003 | GE_BSU | ||
| 008 | 181216s||||||||xx |||||||||||||| ||und|| | ||
| 010 | _a5881861439 | ||
| 040 | _cGE_BSU | ||
| 080 | _a330.1(075.8) | ||
| 100 | _aГрачев, В.А. | ||
| 245 | _aИстория Экономических учений | ||
| 245 | _bУчебное пособие | ||
| 260 | _aКиров | ||
| 260 | _bАСА | ||
| 260 | _c1997 | ||
| 300 | _a160 ст. 20 см. | ||
| 541 | _h5 Л. | ||
| 653 | _aИстория Экономических учений | ||
| 653 | _aЭкономика | ||
| 653 | _aეკონომიკა | ||
| 942 | _cBK | ||
| 999 |
_c37090 _d37090 |
||